Normal view
MARC view
Entry Personal Name
001 - CONTROL NUMBER
- control field: 8945
003 - CONTROL NUMBER IDENTIFIER
- control field: ARRUPE
005 - DATE AND TIME OF LATEST TRANSACTION
- control field: 20140225171152.0
008 - FIXED-LENGTH DATA ELEMENTS
- fixed length control field: 140225|| aca||aabn | a|a d
040 ## - CATALOGING SOURCE
- Original cataloging agency: ARRUPE
- Transcribing agency: ARRUPE
100 ## - HEADING--PERSONAL NAME
- Personal name: Joelson, F. S.
- Fuller form of name: (Ferdinand Stephen),
- Dates associated with a name: 1893-,
- Relator term: editor.
670 ## - SOURCE DATA FOUND
- Source citation: Work cat.: (ARRUPE)0: Joelson, F. S. (Ferdinand Stephen), 1893-, editor., Rhodesia and East Africa;, 1958.